000000153 001__ 153 000000153 005__ 20260410124443.0 000000153 0247_ $$2DOI$$a10.6083/M46W980C 000000153 037__ $$aETD 000000153 245__ $$aThe transcriptional control of SPX in response to oxidative stress 000000153 260__ $$bOregon Health and Science University 000000153 269__ $$a2007 000000153 336__ $$aDissertation 000000153 502__ $$bPh.D. 000000153 502__ $$gBiochemistry & Molecular Biology (sunsetting) 000000153 520__ $$aThe Bacillus subtilis spx gene encodes a global transcriptional regulator that mediates the cellular response to oxidative stress through interactions with RNA polymerase. This work identifies and characterizes a novel intergenic promoter, P3, that drives spx expression in response to thiol‑specific oxidative stress. P3 is recognized by σᴀ‑RNA polymerase and is negatively regulated by the transcriptional repressors PerR and YodB. Biochemical and genetic analyses demonstrate that oxidative conditions relieve repression by impairing repressor binding. In addition to regulating spx, YodB controls genes involved in detoxification of thiol‑reactive compounds, revealing overlapping stress‑response networks that protect cells from oxidative damage. 000000153 540__ $$fCC BY 000000153 542__ $$fIn copyright - single owner 000000153 650__ $$aOxidative Stress$$030758 000000153 650__ $$aGenetics$$019472 000000153 650__ $$aBacillus subtilis$$015316 000000153 650__ $$aDNA-Directed RNA Polymerases$$025535 000000153 6531_ $$atranscriptional control 000000153 6531_ $$ayodb 000000153 6531_ $$aspx 000000153 6531_ $$ayocj 000000153 691__ $$aOGI School of Science and Engineering$$041365 000000153 692__ $$aDepartment of Environmental and Biomolecular Systems$$041414 000000153 7001_ $$aLeelakriangsak, Montira$$uOregon Health and Science University$$041354 000000153 7201_ $$aZuber, Peter$$uOregon Health and Science University$$041354$$7Personal$$eAdvisor 000000153 8564_ $$96ce3c0b8-9e0c-4f37-ba4f-4549fbd58ea6$$s3798542$$uhttps://digitalcollections.ohsu.edu/record/153/files/153_etd.pdf$$ePublic$$29f397a8533a22e7e2c0636ecb1795dc3$$31 000000153 901__ $$a<p>These documents are archival records. They are retained for historical reference only. </p><p><b>Need an accessible version? Use the ‘Get Accessible Copy’ link above.</b></p> 000000153 905__ $$a/rest/prod/fq/97/7t/78/fq977t78v 000000153 909CO $$ooai:digitalcollections.ohsu.edu:153$$pstudent-work 000000153 956__ $$aGet Accessible Copy$$uhttps://ohsu.libwizard.com/f/requestaccessibledocument 000000153 980__ $$aTheses and Dissertations